Top 100 football players 2023/2024 - Statistiques

Statistiques générales
  • Ce quiz a été pris 298 fois
  • Le résultat moyen est 50 sur 100
Statistiques - réponses
Rank Team Réponse % Correct
6 Paris SG Kylian Mbappé
97%
2 Real Madrid Vinicius Jr
97%
1 Manchester City Rodri
94%
5 Manchester City Erling Haaland
90%
3 Real Madrid Jude Bellingham
89%
8 FC Barcelona Lamine Yamal
88%
7 Inter Milan Lautaro Martinez
87%
10 Bayern Munich Harry Kane
80%
31 Real Madrid Thibaut Courtois
78%
4 Real Madrid Dani Carvajal
77%
43 Real Madrid Rodrygo
77%
18 Aston Villa Emiliano Martinez
76%
12 Bayer Leverkusen Florian Wirtz
76%
44 Manchester City Kevin De Bruyne
75%
54 Real Madrid Luka Modric
75%
34 Liverpool Mohamed Salah
75%
67 FC Barcelona Pedri
74%
21 Arsenal Bukayo Saka
73%
22 Real Madrid Antonio Rudiger
72%
46 Paris SG Ousmane Dembélé
72%
36 Atletico Madrid Antoine Griezmann
70%
45 FC Barcelona Robert Lewandowski
70%
9 Real Madrid Toni Kroos
70%
11 Manchester City Phil Foden
69%
27 Paris SG Vitinha
68%
15 Athletic Bilbao Nico Williams
66%
14 Atalanta Ademola Lookman
63%
24 Arsenal William Saliba
62%
19 Arsenal Martin Odegaard
60%
23 Manchester City Ruben Dias
60%
26 Arsenal Declan Rice
58%
25 Chelsea FC Cole Palmer
57%
17 Real Madrid Federico Valverde
57%
56 Paris SG Achraf Hakimi
56%
49 Paris SG Bradley Barcola
56%
64 Paris SG Gianluigi Donnarumma
56%
51 Newcastle Alexander Isak
54%
39 Bayer Leverkusen Jeremie Frimpong
54%
66 Paris SG Marquinhos
54%
81 Liverpool Virgil Van Dijk
54%
28 Bayer Leverkusen Alejandro Grimaldo
52%
16 Bayer Leverkusen Granit Xhaka
52%
69 FC Barcelona Raphinha
52%
70 Crystal Palace Michael Olise
51%
50 AC Milan Rafael Leao
51%
35 Manchester City Bernardo Silva
50%
87 Inter Milan Nicolo Barella
50%
82 RB Leipzig Xavi Simmons
50%
58 Tottenham Heung-Min Son
49%
77 Real Madrid Eduardo Camavinga
48%
59 Bayern Munich Joshua Kimmich
48%
92 Lille Jonathan David
47%
71 Manchester City Julian Alvarez
47%
37 Arsenal Gabriel
46%
63 SL Benfica Joao Neves
46%
41 Al-Ittihad N'Golo Kanté
46%
75 Naples Kvicha Kvaratskhelia
45%
48 FC Barcelona Jules Koundé
44%
33 Bayern Munich Jamal Musiala
43%
42 AC Milan Mike Maignan
43%
74 Liverpool Alisson
42%
32 Stuttgart Serhou Guirassy
42%
80 Manchester Utd/Dortmund Jadon Sancho
41%
73 Manchester United Bruno Fernandes
40%
78 Liverpool Luis Diaz
40%
62 Liverpool Trent Alexander-Arnold
40%
13 RB Leipzig Dani Olmo
39%
93 Liverpool Ibrahima Konaté
39%
86 Inter Milan Yann Sommer
39%
57 RB Leipzig Lois Openda
38%
60 Aston Villa Ollie Watkins
37%
96 Paris SG Goncalo Ramos
35%
38 Bayer Leverkusen Victor Boniface
35%
84 Crystal Palace Eberechi Eze
34%
20 Inter Milan Hakan Calhanoglu
34%
65 FC Barcelona Ilkay Gundogan
34%
88 Naples Victor Osimhen
34%
53 Liverpool Andrew Robertson
33%
30 Dortmund Mats Hummels
33%
99 AS Roma Paulo Dybala
33%
90 Bayern Munich Leroy Sané
32%
68 Manchester City Jeremy Doku
29%
100 Marseille Pierre-Emerick Aubameyang
29%
94 AC Milan Olivier Giroud
28%
76 Liverpool Alexis Mac Allister
27%
72 Dortmund Gregor Kobel
27%
79 Dortmund Julian Brandt
27%
61 Real Sociedad Mikel Merino
27%
95 Liverpool Diogo Jota
24%
55 Dortmund Emre Can
24%
47 Paris SG Warren Zaïre-Emery
24%
91 Liverpool Dominik Szoboszlai
20%
98 AC Milan Christian Pulisic
19%
85 Bayern Munich Leon Goretzka
17%
29 Girona Artem Dovbik
13%
40 FC Barcelona Joao Cancelo
13%
83 Arsenal Leandro Trossard
13%
52 Atletico Madrid Alvaro Morata
12%
89 Stuttgart Deniz Undav
11%
97 FC Barcelona Joao Felix
10%
Aucun quiz correspondant
Distribution des résultats
% des personnes avec chaque résultat
Percentile par nombre de réponses
Votre historique - résultats
Vous n’avez pas pris ce quiz